| 000 | 00768nam a22001817a 4500 | ||
|---|---|---|---|
| 005 | 20250425151909.0 | ||
| 010 | _aHIN-129558 | ||
| 020 |
_c600.00 _a9788119133598 |
||
| 035 | _aHN-101904 | ||
| 037 | _bDBAD | ||
| 082 | _a954 | ||
| 100 |
_aचतुर्वेदी ,हेरम्ब _980899 |
||
| 245 |
_aपश्चात्य इतिहास दर्शन एव इतिहास लेखन / _cहेरम्ब,चतुर्वेदी |
||
| 260 |
_aनई दिल्ली _bलोकभारती प्रकाशन _c2023 |
||
| 270 |
_a1-बी,दरियागंज _bनई दिल्ली |
||
| 300 |
_a175पृ. _c21सेमी (सजिल्द ) |
||
| 942 |
_2ddc _cHN _h954 _mचतुर्वे |
||
| 999 |
_c211126 _d211126 |
||